| 000 | 00405cam a22001337a 4500 | ||
|---|---|---|---|
| 008 | 180718b1991 xxu||||| |||| 00| 0 eng d | ||
| 082 | _aU6x54 T155 | ||
| 100 | _aTandon, B.C. | ||
| 245 |
_aManagement of public enterprises in India _cby B.C. Tandon |
||
| 260 |
_aAllahabad _bChaitanya _c1991 |
||
| 300 | _a280p. | ||
| 650 | _aGovernment enterprise - Administration | ||
| 650 | _aGovernment enterprise - India | ||
| 999 |
_c335493 _d335493 |
||